| 000 | 00475nam a22001457a 4500 | ||
|---|---|---|---|
| 082 | _aT-39 | ||
| 100 |
_aMuhammad zubair ahmed _948395 |
||
| 245 |
_aComparative study of theoretically predicted behavior and actual performance of cast-in-situ bored piles in Pakistan _cMuhammad Zubair ahmed |
||
| 260 |
_aRisalpur _bMCE _c18-3-1996 |
||
| 300 |
_a240p.: _c40cm. |
||
| 526 |
_a0 _b0 _c0 _dT_39 |
||
| 650 |
_aThesis _934811 |
||
| 700 |
_aNassrullah Abeer _948396 |
||
| 942 |
_2ddc _cBK |
||
| 999 |
_c551359 _d551359 |
||